| 000 | 02421nam a2200229Ia 4500 | ||
|---|---|---|---|
| 003 | OSt | ||
| 005 | 20211007145232.0 | ||
| 008 | 210310s1998 ck ad gr 000 0 spa d | ||
| 040 |
_aCO-JMCR _cCO-JMCR |
||
| 041 | 0 | _aspa | |
| 082 | 0 | 4 |
_a338.17373 / _bA798r _223 |
| 111 | 2 |
_aAsamblea de la Asociación Nacional de Exportadores de Café de Colombia ( _d1998 : _cCartagena de Indias, Colombia) _941023 |
|
| 245 | 1 | 3 |
_aLa reconversión de la caficultura en Colombia / _cAsociación Nacional de Exportadores de Café de Colombia |
| 260 |
_aBogotá : _bAsoexport, _c1998. |
||
| 300 |
_a236 páginas : _bilustraciones y gráficas en blanco y negro ; _c23 cm. |
||
| 505 |
_tCafé y Cartagena, imagen positiva de Colombia. / _rJorge Carrillo Castro. -- _tClave, alianza estratégica entre productores y exportadores. / _rJuan Diego Aristizábal. -- _tSituación y perspectivas del mercado cafetero. / _rCelsius Lodder. -- _tEl café y la nueva ruralidad. / _rRafael Echeverri. -- _tLa reconversión e innovación progresiva de la agricultura chilena. / _rAntonio Corvalán M. -- _tLa reconversión de la caficultura en Brasil. / _rLuiz Marcos Supplicy. -- _tOportunidades de la reconversión, en Méjico. / _rRaúl G. Obando Rodríguez. -- _tLa experiencia exportadora de bienes de origen silvoagropecuario en Chile. / _rEmiliano Ortega Riquelme. -- _tPerspectivas de la producción de café en Colombia. / _rJosé Leibovich. -- _tUna experiencia regional en la reconversión de la caficultura colombiana. / _rRoberto Pizarro Mondragón. -- _tEntre todos debemos construir el país cafetero del mañana. / _rJorge Cárdenas Gutiérrez. -- _tLa LXII asamblea y el año cafetero. / _rGabriel Rosas Vega. -- _tEstrategias para la restructuración del sector cafetero. / _rJuan Camilo Restrepo. -- _tLa caficultura colombiana en el siglo XXI. / _rCésar Vallejo Mejía. |
||
| 520 | 0 | _a"Aunque parezca redundante, es preciso recordar que para que Colombia logre éxito en este frente de actividad, es necesario que obtenga de nuevo una producción acorde con la evolución del consumo mundial y de buena calidad para aprovechar las posibilidades que brindan los nichos del mercado creados en los últimos tiempos". | |
| 650 | 1 | 4 |
_aIndustria del café _xCongresos, conferencias, _ySiglo XX _zColombia _941024 |
| 650 | 2 | 4 |
_aCafé _xProducción _ySiglo XX _zColombia _941025 |
| 650 | 2 | 4 |
_aCongresos _xconferencias _97237 |
| 942 |
_2ddc _cBK |
||
| 999 |
_c12666 _d12666 |
||